LEADER 00979nam a2200205 i 4500 001 000000251792 003 CaOOAMICUS 005 20161201000000.0 008 161201s1804 it u000 u ita u 013 $a230697 026 $ae.t- toi. Seta doma (7) 1805 (R) 040 $aSeMil$bita 245 10$aTomo 37. 300 $a338, [2] p. 500 $aContiene: Giuseppe Palmieri, Riflessioni sulla pubblica felicitą relativamente al Regno di Napoli. - Segn.: [A]8 B-X8 Y2. 773 0 $tScrittori classici italiani di economia politica.$dMilano : Nella Stamperia e Fondria di G. G. Destefanis, a san Zeno n. 534, 1803-1816.$g44$w()33494 773 0 $tScrittori classici italiani di economia politica. Parte moderna.$dMilano : Nella Stamperia e Fonderia di G. G. Destefanis, a san Zeno n. 534, 1803-1805.$g37$w()33495 850 $aSeMil 852 $aSeMil$W1$xVenegono$y1$m3M II 37 FA$j202138$B202138$CSeMilBibl$Z2$F214755 $8I 996 $6245$aTomo 37$9(OLS)http://semarc/title/353957 LEADER 00621naa a2200157 i 4500 001 000000296186 003 CaOOAMICUS 005 20180831172540.0 008 180831n xx u000 u und u 013 $a3637 040 $aSeMil$bita 100 1 $aThurian, Max,$d<1921-1996>.$0(OLS)http://semarc/name/7144 245 13$aLa spiritualitą della famiglia critiana. p. 187-195. 650 4$aFamiglia - Spiritualitą.$0(OLS)http://semarc/subject/2885 773 0 $tSinodo per la famiglia.$dMilano : Libreria della famiglia, 1980.$w()50166 996 $6245$aLa spiritualitą della famiglia critiana. p. 187-195.$9(OLS)http://semarc/title/372241